Guess All The Windows Versions - Statistics

General Stats
  • This quiz has been taken 23 times
  • The average score is 17 of 91
Answer Stats
Answer % Correct
Windows 10
89%
Windows 7
84%
Windows 11
79%
Windows 3.1
79%
Windows 8
74%
Windows XP
74%
Windows 95
68%
Windows Vista
68%
Windows 2000
63%
Windows 98
63%
Windows Me
63%
Windows 3.0
53%
Windows 8.1
53%
Windows 2.1
37%
Windows 3.11
37%
Windows NT 4.0
37%
Windows NT 3.5
32%
Windows Server 2003
32%
Windows Server 2012
32%
Windows Server 2019
32%
Windows Server 2022
32%
Windows 1.01
26%
Windows 1.02
26%
Windows 1.03
26%
Windows 1.04
26%
Windows 2.01
26%
Windows 2.03
26%
Windows 2.11
26%
Windows 3.2
26%
Windows Server 2008
26%
Windows Server 2016
26%
Windows NT 3.1
21%
Windows NT 3.51
21%
Windows 98 Second Edition
11%
Windows Home Server
11%
Windows RT
11%
Windows Server 2003 R2
11%
Windows Server 2012 R2
11%
Pocket PC 2000
5%
Pocket PC 2002
5%
Small Business Server 2000
5%
Windows 10X (Cancelled)
5%
Windows CE 1.0
5%
Windows CE 2.0
5%
Windows CE 2.1
5%
Windows CE 2.11
5%
Windows CE 2.12
5%
Windows CE 3.0
5%
Windows CE 4.0
5%
Windows CE 4.1
5%
Windows CE 4.2
5%
Windows CE 5.0
5%
Windows Embedded CE 6.0
5%
Windows Embedded Compact 2013
5%
Windows Essential Business Server 2008
5%
Windows Home Server 2011
5%
Windows HPC Server 2008
5%
Windows HPC Server 2008 R2
5%
Windows Mobile 2003
5%
Windows Mobile 2003 SE
5%
Windows Mobile 5.0
5%
Windows Mobile 6.0
5%
Windows Mobile 6.1
5%
Windows Mobile 6.1.4
5%
Windows Mobile 6.5
5%
Windows MultiPoint Server 2010
5%
Windows MultiPoint Server 2011
5%
Windows MultiPoint Server 2012
5%
Windows Phone 10
5%
Windows Phone 7
5%
Windows Phone 8
5%
Windows Phone 8.1
5%
Windows RT 8.1
5%
Windows Small Business Server 2003
5%
Windows Small Business Server 2008
5%
Windows Small Business Server 2011 Essentials
5%
Windows Small Business Server 2011 Standard
5%
Windows XP Tablet PC Edition
5%
Windoes Embedded Standard 7
0%
Windows 10 Holographic
0%
Windows 2000 Server
0%
Windows Complete Cluster Server 2003
0%
Windows Embedded 8
0%
Windows Embedded 8.1
0%
Windows Embedded Compact 7.0
0%
Windows Embedded Standard 2009
0%
Windows Holographic
0%
Windows NT Embedded 4.0
0%
Windows Phone 7.8
0%
Windows XP Embedded
0%
Windows Xp Tablet PC Edition 2005
0%
No matching quizzes found
Score Distribution
Percent of People with Each Score
Percentile by Number Answered
Your Score History
You have not taken this quiz